000
00270nam a2200109Ia 4500
008
230907s9999||||xx |||||||||||||| ||und||
082
_a
537.623
_b
SUP
245
0
_a
Superconductivity /
260
_a
Springer,
_b
Berlin ; | London :
_c
2008
300
_a
2 v. :
942
_c
BK
999
_c
601270
_d
601270